[Event "21. Copenhagen Open  (Politiken Cup)"]
[Site "Copenhagen"]
[Date "1999.07.10"]
[Round "7"]
[White "Olsen, Peter Erik"]
[Black "Dongart, Dennis"]
[Result "0-1"]
[WhiteElo "2248"]
[BlackElo "2095"]
[PlyCount "128"]
[EventDate "1999.07.03"]
[EventType "swiss"]
[EventRounds "11"]
[EventCountry "DEN"]
[SourceDate "2004.01.01"]

1. d4 Nf6 2. c4 g6 3. f3 d5 4. cxd5 Nxd5 5. e4 Nb6 6. Be3 Bg7 7. Nc3 O-O 8. Qd2
e5 9. d5 f5 10. O-O-O N8d7 11. Nh3 f4 12. Bg1 Nf6 13. Ng5 h6 14. Ne6 Bxe6 15.
dxe6 Qxd2+ 16. Rxd2 Rfd8 17. a4 Rxd2 18. Kxd2 Rd8+ 19. Kc2 Bf8 20. a5 Nc8 21.
Bc4 Kg7 22. a6 b6 23. Bf2 Ne8 24. g3 c6 25. Bb3 Nc7 26. gxf4 exf4 27. Ne2 g5
28. h4 Nxa6 29. hxg5 hxg5 30. Bd4+ Kg6 31. Rg1 Bd6 32. e5 Bc5 33. Nxf4+ Kf5 34.
Nh3 Be7 35. Bc3 Nc5 36. Bc4 Rh8 37. Rg3 b5 38. Be2 Nb6 39. b4 Nca4 40. Bd3+
Kxe6 41. Nxg5+ Bxg5 42. Rxg5 Rh2+ 43. Kb3 Nxc3 44. Kxc3 Nd5+ 45. Kd4 Rd2 46.
Ke4 Nxb4 47. Bf1 Rh2 48. f4 Nd5 49. f5+ Ke7 50. Rg7+ Kf8 51. Rxa7 Rf2 52. Ra8+
Ke7 53. f6+ Nxf6+ 54. exf6+ Rxf6 55. Bg2 Kd6 56. Kd4 Kc7 57. Be4 Rh6 58. Rf8
Kb6 59. Rf7 Rd6+ 60. Kc3 Rh6 61. Kb4 Rh4 62. Re7 Rh6 63. Bf5 Rf6 64. Be6 Rf3
0-1

[Event "21. Copenhagen Open  (Politiken Cup)"]
[Site "Copenhagen"]
[Date "1999.07.10"]
[Round "7"]
[White "Pedersen, Steffen"]
[Black "Jorgensen, Michael"]
[Result "1-0"]
[WhiteElo "2427"]
[BlackElo "2274"]
[PlyCount "53"]
[EventDate "1999.07.03"]
[EventType "swiss"]
[EventRounds "11"]
[EventCountry "DEN"]
[SourceDate "2004.01.01"]

1. c4 f5 2. g3 Nf6 3. Bg2 g6 4. Nc3 Bg7 5. d3 d6 6. e4 e5 7. Nge2 O-O 8. O-O
Nc6 9. Nd5 Be6 10. Bg5 Qd7 11. b3 Nh5 12. exf5 Bxf5 13. f3 Be6 14. Qd2 Rae8 15.
Rae1 Kh8 16. g4 Nf6 17. Nxf6 Bxf6 18. Bxf6+ Rxf6 19. d4 Bg8 20. dxe5 Nxe5 21.
g5 Rff8 22. Ng3 Qg7 23. f4 Nc6 24. Bxc6 bxc6 25. f5 Rxe1 26. Rxe1 gxf5 27. Nh5
1-0

[Event "21. Copenhagen Open  (Politiken Cup)"]
[Site "Copenhagen"]
[Date "1999.07.10"]
[Round "7"]
[White "Pedersen, Torben"]
[Black "Larsen, Vagn"]
[Result "1-0"]
[WhiteElo "1625"]
[BlackElo "1465"]
[PlyCount "59"]
[EventDate "1999.07.03"]
[EventType "swiss"]
[EventRounds "11"]
[EventCountry "DEN"]
[SourceDate "2004.01.01"]

1. e4 c5 2. Nf3 Nc6 3. d4 cxd4 4. Nxd4 Nf6 5. Nc3 d6 6. f4 g6 7. Bb5 Qc7 8. Nd5
Qd7 9. Nxf6+ exf6 10. O-O a6 11. Nxc6 bxc6 12. Ba4 Be7 13. Be3 O-O 14. c3 Bb7
15. f5 Qc7 16. Bb3 Kh8 17. Bh6 Rfd8 18. Bxf7 Bf8 19. fxg6 Bxh6 20. Qh5 Kg7 21.
Rf4 Qxf7 22. gxf7 Bxf4 23. Qg4+ Bg5 24. h4 h6 25. hxg5 hxg5 26. Rf1 Kxf7 27.
Qf5 d5 28. Qxf6+ Kg8 29. Qg6+ Kh8 30. Rf7 1-0

[Event "21. Copenhagen Open  (Politiken Cup)"]
[Site "Copenhagen"]
[Date "1999.07.10"]
[Round "7"]
[White "Petersen, Lars"]
[Black "Moller, Arne"]
[Result "0-1"]
[WhiteElo "2096"]
[BlackElo "1865"]
[PlyCount "116"]
[EventDate "1999.07.03"]
[EventType "swiss"]
[EventRounds "11"]
[EventCountry "DEN"]
[SourceDate "2004.01.01"]

1. d4 Nf6 2. Nf3 e6 3. Bf4 b6 4. e3 Bb7 5. Nbd2 Be7 6. Bd3 d6 7. h3 Nbd7 8. e4
O-O 9. O-O c5 10. c3 Re8 11. Re1 Nf8 12. Qe2 Ng6 13. Bh2 a6 14. Rad1 b5 15. Bb1
Qb6 16. e5 Nd7 17. Bxg6 hxg6 18. Ne4 Bxe4 19. Qxe4 d5 20. Qe3 c4 21. Bf4 a5 22.
Bg5 Bf8 23. g3 b4 24. Kg2 a4 25. Rb1 Rec8 26. cxb4 Qxb4 27. a3 Qa5 28. Rec1
Rab8 29. Rc3 Rb5 30. Qc1 Rcb8 31. Bd2 Qb6 32. Rc2 Bxa3 33. Bc3 Be7 34. Ra1 Ra8
35. h4 Qd8 36. Ng5 Rb3 37. Qd2 a3 38. bxa3 Rbxa3 39. Rh1 R3a6 40. f4 f6 41.
exf6 gxf6 42. Nf3 f5 43. Ne5 Kg7 44. Nxd7 Qxd7 45. h5 Rh8 46. hxg6 Rxh1 47.
Kxh1 Qe8 48. Kg2 Qxg6 49. Ra2 Rxa2 50. Qxa2 Qg4 51. Kf2 Qh3 52. Qb2 Qh2+ 53.
Kf3 Qxb2 54. Bxb2 Bb4 55. Bc1 Kg6 56. g4 fxg4+ 57. Kxg4 Bc3 58. Be3 Bb2 0-1

[Event "21. Copenhagen Open  (Politiken Cup)"]
[Site "Copenhagen"]
[Date "1999.07.10"]
[Round "7"]
[White "Petersen, Steffen"]
[Black "Nielsen, Morten"]
[Result "0-1"]
[WhiteElo "1875"]
[BlackElo "2077"]
[PlyCount "100"]
[EventDate "1999.07.03"]
[EventType "swiss"]
[EventRounds "11"]
[EventCountry "DEN"]
[SourceDate "2004.01.01"]

1. d4 Nf6 2. Nf3 c5 3. Nc3 cxd4 4. Nxd4 e5 5. Nb3 d5 6. Bg5 d4 7. Ne4 Be7 8.
Bxf6 gxf6 9. e3 f5 10. Bb5+ Nc6 11. Ng3 Bb4+ 12. Nd2 dxe3 13. fxe3 Qd5 14.
Bxc6+ bxc6 15. c3 Bc5 16. e4 Qd3 17. exf5 Ba6 18. Qf3 Qxf3 19. Nxf3 O-O-O 20.
Ng5 Rd3 21. Rd1 Re3+ 22. Kd2 h6 23. Nxf7 Rh7 24. Nd6+ Kc7 25. Nde4 Bb6 26. Rhe1
Rd7+ 27. Kc1 Bd3 28. f6 h5 29. Ng5 Bg6 30. Rxd7+ Kxd7 31. Rd1+ Ke8 32. f7+ Bxf7
33. Nxf7 Kxf7 34. Nxh5 Re2 35. g4 Rxh2 36. Rd6 Rh4 37. Rf6+ Ke7 38. Rg6 Kf7 39.
Rg7+ Kf8 40. Kc2 Rxh5 41. Rg6 Rh2+ 42. Kb3 Kf7 43. Rxc6 e4 44. g5 e3 45. g6+
Kg7 46. Re6 Rd2 47. c4 Bd4 48. c5 Bxc5 49. Kc4 Bd4 50. b4 e2 0-1

[Event "21. Copenhagen Open  (Politiken Cup)"]
[Site "Copenhagen"]
[Date "1999.07.10"]
[Round "7"]
[White "Poulsen, Martin"]
[Black "Auchenberg, Per"]
[Result "1-0"]
[WhiteElo "1775"]
[BlackElo "2054"]
[PlyCount "63"]
[EventDate "1999.07.03"]
[EventType "swiss"]
[EventRounds "11"]
[EventCountry "DEN"]
[SourceDate "2004.01.01"]

1. e4 c5 2. Nc3 Nc6 3. g3 g6 4. Bg2 Bg7 5. d3 d6 6. Be3 e6 7. Nge2 Nd4 8. O-O
Ne7 9. Qd2 O-O 10. Nd1 Nxe2+ 11. Qxe2 Rb8 12. c3 b6 13. f4 d5 14. Nf2 d4 15.
Bd2 dxc3 16. bxc3 e5 17. Rac1 Be6 18. Be3 exf4 19. Bxf4 Rc8 20. Rfd1 Qd7 21.
Re1 Rfe8 22. Bf3 Nc6 23. Bg4 Ne5 24. Bxe6 Rxe6 25. d4 cxd4 26. cxd4 Nc6 27. d5
Nd4 28. Qg4 Rxc1 29. Rxc1 Qb5 30. dxe6 Ne2+ 31. Qxe2 Qxe2 32. e7 1-0

[Event "21. Copenhagen Open  (Politiken Cup)"]
[Site "Copenhagen"]
[Date "1999.07.10"]
[Round "7"]
[White "Preuss, Flemming"]
[Black "Pedersen, Bent O"]
[Result "0-1"]
[WhiteElo "2078"]
[BlackElo "1702"]
[PlyCount "80"]
[EventDate "1999.07.03"]
[EventType "swiss"]
[EventRounds "11"]
[EventCountry "DEN"]
[SourceDate "2004.01.01"]

1. e4 c5 2. Nf3 Nf6 3. Nc3 Nc6 4. d4 d5 5. exd5 Nxd5 6. Bb5 Nxc3 7. bxc3 e6 8.
O-O Bd7 9. Qe2 a6 10. Bd3 Be7 11. Re1 O-O 12. Bf4 Rc8 13. Rab1 b5 14. dxc5 Bf6
15. Bd6 Re8 16. Nd4 g6 17. Nxc6 Bxc6 18. c4 Be7 19. cxb5 axb5 20. Bxb5 Bxd6 21.
Red1 Bxh2+ 22. Kxh2 Qa5 23. a4 Qa8 24. Qe3 Re7 25. f3 Rec7 26. c4 Bxb5 27. cxb5
Rxc5 28. Rb4 Qa5 29. Qd4 Rd5 30. b6 Rxd4 31. Rdxd4 Rb8 32. b7 Rxb7 33. Rbc4
Qe5+ 34. Kh3 Qh5+ 35. Kg3 Qe5+ 36. Kh3 Rb1 37. f4 Qe3+ 38. Kg4 Kg7 39. g3 h5+
40. Kg5 f6+ 0-1

[Event "21. Copenhagen Open  (Politiken Cup)"]
[Site "Copenhagen"]
[Date "1999.07.10"]
[Round "7"]
[White "Rasmussen, Casper Dahl"]
[Black "Bekker Jensen, Simon"]
[Result "0-1"]
[WhiteElo "2240"]
[BlackElo "2436"]
[PlyCount "80"]
[EventDate "1999.07.03"]
[EventType "swiss"]
[EventRounds "11"]
[EventCountry "DEN"]
[SourceDate "2004.01.01"]

1. e4 c5 2. Nf3 d6 3. d4 Nf6 4. Nc3 cxd4 5. Nxd4 a6 6. f4 Qc7 7. Nf3 Nbd7 8.
Bd3 g6 9. O-O Bg7 10. Qe1 b5 11. e5 dxe5 12. fxe5 Ng4 13. e6 fxe6 14. Qh4 Nde5
15. Nxe5 Nxe5 16. Be4 Bb7 17. Bxb7 Qxb7 18. Bh6 Bxh6 19. Qxh6 Ng4 20. Qh4 Ne3
21. Rf2 O-O-O 22. Re1 Nf5 23. Qe4 Qxe4 24. Nxe4 Rd5 25. Ng5 Rhd8 26. Nxh7 Rd1
27. Kf1 Ne3+ 28. Ke2 R1d5 29. Rf8 Nxc2 30. Rxd8+ Kxd8 31. Rf1 Rh5 32. Nf8 Rxh2
33. Rf2 e5 34. Nxg6 e4 35. g4 Rh1 36. Rg2 e3 37. Nf4 e5 38. Nd5 Kd7 39. Nxe3
Re1+ 40. Kd2 Nxe3 0-1

[Event "21. Copenhagen Open  (Politiken Cup)"]
[Site "Copenhagen"]
[Date "1999.07.10"]
[Round "7"]
[White "Rasmussen, Henning"]
[Black "Ingolfsdottir, Harpa"]
[Result "1-0"]
[WhiteElo "1802"]
[BlackElo "1495"]
[PlyCount "159"]
[EventDate "1999.07.03"]
[EventType "swiss"]
[EventRounds "11"]
[EventCountry "DEN"]
[SourceDate "2004.01.01"]

1. Nf3 d5 2. c4 c6 3. b3 Bf5 4. Bb2 e6 5. e3 Nf6 6. Be2 Bd6 7. O-O Nbd7 8. d4
O-O 9. Nc3 Rc8 10. Bd3 Bg4 11. e4 dxe4 12. Nxe4 Bb8 13. Ng3 c5 14. h3 Bxg3 15.
fxg3 Bxf3 16. Qxf3 cxd4 17. Bxd4 b6 18. Rad1 Qe7 19. Bb2 Rfe8 20. g4 e5 21. g5
e4 22. gxf6 Qc5+ 23. Qf2 e3 24. Qe2 g6 25. Bb1 Rcd8 26. Rd5 Qc6 27. Rf3 b5 28.
Rxe3 Rxe3 29. Qxe3 bxc4 30. Qh6 Qb6+ 31. Kh1 Nxf6 32. Bxf6 Qxf6 33. Rxd8+ Qxd8
34. Qc1 c3 35. Qc2 Qd4 36. Kh2 h5 37. Qd3 Qe5+ 38. Kh1 h4 39. Qe4 Qg3 40. Qe8+
Kg7 41. Qe4 a6 42. Kg1 a5 43. Kf1 Kh6 44. Ke2 Kh7 45. Bc2 Qg5 46. Kd3 Qg3+ 47.
Kc4 Qc7+ 48. Kb5 Kg8 49. Qd5 Qe7 50. Kxa5 Qa3+ 51. Kb5 Qxa2 52. Qd3 Qa8 53. Kb4
Qxg2 54. Kxc3 Qc6+ 55. Kb2 Qf6+ 56. Qc3 Qd6 57. b4 f5 58. Qc4+ Kg7 59. Qc3+ Kf7
60. Bb3+ Ke7 61. Qg7+ Kd8 62. Qh8+ Kc7 63. Qxh4 Qe5+ 64. Ka2 Qe2+ 65. Ka3 Qa6+
66. Kb2 Qe2+ 67. Bc2 Qe5+ 68. Kb3 Qe3+ 69. Kc4 Qe2+ 70. Kc3 Qe5+ 71. Qd4 Qg3+
72. Qd3 Qe1+ 73. Kb3 Qe6+ 74. Qc4+ Qxc4+ 75. Kxc4 Kc6 76. Bd3 Kb6 77. Kd5 g5
78. Ke5 g4 79. hxg4 fxg4 80. Kf4 1-0

[Event "21. Copenhagen Open  (Politiken Cup)"]
[Site "Copenhagen"]
[Date "1999.07.10"]
[Round "7"]
[White "Rasmussen, Morten Fredsgaard"]
[Black "Petersen, Steen"]
[Result "0-1"]
[WhiteElo "1771"]
[BlackElo "2166"]
[PlyCount "60"]
[EventDate "1999.07.03"]
[EventType "swiss"]
[EventRounds "11"]
[EventCountry "DEN"]
[SourceDate "2004.01.01"]

1. f4 d5 2. Nf3 g6 3. e3 Bg7 4. g3 Nh6 5. Bg2 O-O 6. O-O Bf5 7. d3 Nc6 8. Qe1
Qd7 9. a3 Bh3 10. Nc3 Bxg2 11. Kxg2 d4 12. exd4 Nxd4 13. Nxd4 Bxd4 14. Be3 Qc6+
15. Kg1 Bg7 16. Bd2 Rad8 17. Rc1 Nf5 18. Nd1 Bd4+ 19. Ne3 Nxe3 20. Bxe3 Bxb2
21. Rb1 Bxa3 22. Qa5 Bd6 23. Qxa7 Qxc2 24. Rxb7 Qxd3 25. Bf2 Ra8 26. Qd4 Qxd4
27. Bxd4 Rfb8 28. Rfb1 Rxb7 29. Rxb7 f6 30. Kf2 Ra2+ 0-1

[Event "21. Copenhagen Open  (Politiken Cup)"]
[Site "Copenhagen"]
[Date "1999.07.10"]
[Round "7"]
[White "Rosenberg, Jan"]
[Black "Bering, Anders"]
[Result "0-1"]
[WhiteElo "1624"]
[BlackElo "2007"]
[PlyCount "114"]
[EventDate "1999.07.03"]
[EventType "swiss"]
[EventRounds "11"]
[EventCountry "DEN"]
[SourceDate "2004.01.01"]

1. d4 Nf6 2. Nf3 e6 3. Bf4 b6 4. e3 Bb7 5. Nbd2 c5 6. c3 Be7 7. Bd3 d5 8. Bxb8
Qxb8 9. Bb5+ Kf8 10. Ne5 Qc7 11. O-O a6 12. Bd3 g6 13. Qf3 Kg7 14. Qh3 Ne4 15.
Bxe4 dxe4 16. f3 f6 17. Ng4 h5 18. Nf2 exf3 19. gxf3 Rae8 20. Nd3 e5 21. Rae1
Bc8 22. Qg2 Qd7 23. Nc4 Qd8 24. Kh1 cxd4 25. cxd4 exd4 26. Nf4 g5 27. exd4 Bb4
28. Rxe8 Rxe8 29. Nxh5+ Kh6 30. Qc2 b5 31. Na3 g4 32. Ng3 Qd5 33. Ne4 Kg7 34.
Qc7+ Kh6 35. Qc1+ Kg6 36. Qc2 Kf7 37. Qc7+ Kg6 38. Qc2 f5 39. Ng3 gxf3 40. Rg1
f2+ 41. Rg2 f1=Q+ 42. Nxf1+ Kf6 43. Qc1 Re1 44. Qg5+ Ke6 45. Qg8+ Kd6 46. Qd8+
Bd7 47. Qf6+ Kc7 48. Kg1 Bc6 49. Qg7+ Kb6 50. Qg3 Qxg2+ 51. Qxg2 Bxg2 52. Kxg2
Re2+ 53. Kf3 Rxb2 54. Nxb5 axb5 55. h4 Rxa2 56. Ne3 Ra3 57. Kf4 Bd2 0-1

[Event "21. Copenhagen Open  (Politiken Cup)"]
[Site "Copenhagen"]
[Date "1999.07.10"]
[Round "7"]
[White "Rossen, Claus"]
[Black "Baekgaard, Martin"]
[Result "0-1"]
[WhiteElo "2184"]
[BlackElo "2055"]
[PlyCount "68"]
[EventDate "1999.07.03"]
[EventType "swiss"]
[EventRounds "11"]
[EventCountry "DEN"]
[SourceDate "2004.01.01"]

1. e4 c5 2. Nc3 d6 3. f4 Nc6 4. Nf3 g6 5. Bc4 Bg7 6. O-O e6 7. d3 Nge7 8. Qe1
O-O 9. Bb3 Rb8 10. a4 a6 11. Kh1 b5 12. axb5 axb5 13. f5 exf5 14. Qh4 b4 15.
Ne2 d5 16. Bh6 fxe4 17. dxe4 Nf5 18. exf5 Qxh4 19. Nxh4 Bxh6 20. fxg6 hxg6 21.
Nxg6 Rd8 22. Ba4 fxg6 23. Bxc6 Rd6 24. Ba8 Kh8 25. Ra7 Ra6 26. Rff7 Rxa8 27.
Rae7 Re6 28. h4 Rxe7 29. Rxe7 Bf5 30. c3 bxc3 31. bxc3 Rd8 32. Ng3 d4 33. cxd4
cxd4 34. h5 d3 0-1

[Event "21. Copenhagen Open  (Politiken Cup)"]
[Site "Copenhagen"]
[Date "1999.07.10"]
[Round "7"]
[White "Rubeksen, Thomas H"]
[Black "Arngrimsson, Dagur"]
[Result "0-1"]
[WhiteElo "1050"]
[BlackElo "1725"]
[PlyCount "48"]
[EventDate "1999.07.03"]
[EventType "swiss"]
[EventRounds "11"]
[EventCountry "DEN"]
[SourceDate "2004.01.01"]

1. e4 c5 2. c4 Nc6 3. d3 g6 4. Nc3 Bg7 5. Nf3 d6 6. h3 Nf6 7. Be3 O-O 8. Be2
Rb8 9. Qd2 a6 10. Rb1 b5 11. a3 Bd7 12. Bh6 Qc7 13. b4 cxb4 14. Nd5 Nxd5 15.
cxd5 Bc3 16. Qxc3 bxc3 17. Bxf8 Na5 18. Rc1 Rxf8 19. Rc2 e6 20. dxe6 Bxe6 21.
Nd4 Bb3 22. Nxb3 Nxb3 23. O-O Nd4 24. Ra2 c2 0-1

[Event "21. Copenhagen Open  (Politiken Cup)"]
[Site "Copenhagen"]
[Date "1999.07.10"]
[Round "7"]
[White "Schandorff, Lars"]
[Black "Mah, Karl"]
[Result "1-0"]
[WhiteElo "2514"]
[BlackElo "2316"]
[PlyCount "73"]
[EventDate "1999.07.03"]
[EventType "swiss"]
[EventRounds "11"]
[EventCountry "DEN"]
[SourceDate "2004.01.01"]

1. d4 d5 2. c4 c6 3. Nc3 e5 4. dxe5 d4 5. Ne4 Qa5+ 6. Bd2 Qxe5 7. Ng3 Nf6 8.
Nf3 Qd6 9. Qc2 Be7 10. Nf5 Bxf5 11. Qxf5 Na6 12. g3 g6 13. Qc2 Nc5 14. Bf4 Qd8
15. O-O-O Ne6 16. Be5 Qa5 17. Kb1 c5 18. e3 dxe3 19. fxe3 O-O 20. Bh3 Rad8 21.
Bc3 Qc7 22. Ne5 Ng5 23. Bg2 Bd6 24. Nc6 bxc6 25. Bxf6 Be7 26. Bc3 Rxd1+ 27.
Rxd1 Rd8 28. Rxd8+ Bxd8 29. a3 Qe7 30. Qd3 Qe8 31. Bxc6 Qf8 32. Qd7 Bb6 33. Bf6
Ne6 34. Bd5 Nc7 35. e4 Nxd5 36. exd5 h5 37. Ka2 1-0

[Event "21. Copenhagen Open  (Politiken Cup)"]
[Site "Copenhagen"]
[Date "1999.07.10"]
[Round "7"]
[White "Schmidt, Horst Hubert"]
[Black "Jorgensen, Carina Eilegaard"]
[Result "1-0"]
[WhiteElo "1672"]
[BlackElo "1574"]
[PlyCount "83"]
[EventDate "1999.07.03"]
[EventType "swiss"]
[EventRounds "11"]
[EventCountry "DEN"]
[SourceDate "2004.01.01"]

1. d4 Nf6 2. c4 g6 3. Nc3 Bg7 4. e4 d6 5. f3 O-O 6. Be3 Nbd7 7. Qd2 c5 8. d5 a6
9. a4 Qa5 10. h4 h5 11. Rc1 Qb4 12. Be2 Nb6 13. b3 Qxb3 14. Rb1 Qa3 15. Rxb6
Nd7 16. Nb1 Qxa4 17. Rb2 Bxb2 18. Qxb2 Qb4+ 19. Qc3 Qxb1+ 20. Kf2 Nf6 21. e5
dxe5 22. Bxc5 Re8 23. Bd3 Qa2+ 24. Ne2 Qa4 25. Bc2 Qd7 26. Qxe5 b5 27. Qg5 bxc4
28. Bxg6 fxg6 29. Qxg6+ Kh8 30. Bd4 Rf8 31. Qxh5+ Kg7 32. Rh3 Rg8 33. Rg3+ Kf8
34. Qh6+ Kf7 35. Rxg8 Kxg8 36. Qg6+ Kh8 37. Nf4 Qf5 38. Qe8+ Kh7 39. Qxe7+ Kh6
40. Bxf6 Qc2+ 41. Kg3 Qh7 42. Bg5# 1-0

[Event "21. Copenhagen Open  (Politiken Cup)"]
[Site "Copenhagen"]
[Date "1999.07.10"]
[Round "7"]
[White "Skytte, Rasmus"]
[Black "Vistisen, Lars"]
[Result "1-0"]
[WhiteElo "2338"]
[BlackElo "2199"]
[PlyCount "59"]
[EventDate "1999.07.03"]
[EventType "swiss"]
[EventRounds "11"]
[EventCountry "DEN"]
[SourceDate "2004.01.01"]

1. d4 Nf6 2. Nf3 c5 3. d5 g6 4. Nc3 Bg7 5. e4 d6 6. h3 O-O 7. Bc4 Na6 8. O-O
Nc7 9. a4 e5 10. Ne1 Nh5 11. Nd3 Qh4 12. Qd2 f5 13. Qg5 Bf6 14. Qxh4 Bxh4 15.
g3 Bf6 16. Kg2 Kg7 17. f4 exf4 18. Nxf4 Nxf4+ 19. Bxf4 Ne8 20. Rae1 Be5 21.
exf5 Bxf5 22. g4 Bxc2 23. Bh6+ Kxh6 24. Rxf8 Nc7 25. Rf7 Na6 26. Re2 Nb4 27.
Ne4 Bxe4+ 28. Rxe4 g5 29. Rxb7 Nc2 30. Bd3 1-0

[Event "21. Copenhagen Open  (Politiken Cup)"]
[Site "Copenhagen"]
[Date "1999.07.10"]
[Round "7"]
[White "Tjornsted, Peter"]
[Black "Sorensen, Torben N"]
[Result "0-1"]
[WhiteElo "1837"]
[BlackElo "2348"]
[PlyCount "78"]
[EventDate "1999.07.03"]
[EventType "swiss"]
[EventRounds "11"]
[EventCountry "DEN"]
[SourceDate "2004.01.01"]

1. d4 g6 2. Nf3 Bg7 3. Bf4 Nf6 4. h3 O-O 5. Qc1 c5 6. Bh6 Bxh6 7. Qxh6 cxd4 8.
Nxd4 Nc6 9. Nb3 d5 10. e3 a5 11. a4 Bf5 12. Na3 Qb6 13. Bb5 e5 14. O-O Rac8 15.
Qh4 Nb4 16. c4 Ne4 17. Qe7 Nd3 18. cxd5 Nexf2 19. Nc4 Rxc4 20. Bxc4 Nxh3+ 21.
Kh2 Ndf2 22. Qc5 Qd8 23. Nd2 Qh4 24. g3 Qh6 25. Kg2 Ne4 26. Qxa5 Qxe3 27. Nf3
Nhg5 28. Rae1 Bh3+ 29. Kh2 Nxf3+ 30. Kxh3 Nxe1 31. Qxe1 Qxe1 32. Rxe1 Nd6 33.
b3 f6 34. a5 Rc8 35. a6 bxa6 36. Bxa6 Ra8 37. Bc4 Rc8 38. Ba6 Ra8 39. Bc4 Nxc4
{tid} 0-1

[Event "21. Copenhagen Open  (Politiken Cup)"]
[Site "Copenhagen"]
[Date "1999.07.10"]
[Round "7"]
[White "Van Der Weide, Karel"]
[Black "Sylvan, Jacob"]
[Result "1-0"]
[WhiteElo "2434"]
[BlackElo "2271"]
[PlyCount "125"]
[EventDate "1999.07.03"]
[EventType "swiss"]
[EventRounds "11"]
[EventCountry "DEN"]
[SourceDate "2004.01.01"]

1. e4 c5 2. Nf3 d6 3. d4 cxd4 4. Nxd4 Nf6 5. Nc3 g6 6. Be3 Bg7 7. f3 O-O 8. Qd2
Nc6 9. O-O-O d5 10. Qe1 e5 11. Nxc6 bxc6 12. exd5 Nxd5 13. Bc4 Be6 14. Ne4 Qc7
15. Bc5 Rfd8 16. g4 Nf4 17. Bxe6 Nxe6 18. Bd6 Qb6 19. Qc3 Nd4 20. Kb1 Rd7 21.
Bc5 Qb5 22. Bxd4 exd4 23. Qc5 Qb6 24. Rhe1 Rad8 25. Rd3 Rd5 26. Qxb6 axb6 27.
Nd2 b5 28. b4 Kf8 29. Nb3 Re8 30. Rxe8+ Kxe8 31. Kc1 Be5 32. h3 Ke7 33. Kd1 Kf6
34. Nc1 Kg5 35. Ne2 f5 36. Ke1 c5 37. bxc5 Rxc5 38. Kd1 Rc4 39. Rb3 Rc5 40. Rd3
Rc4 41. f4+ Bxf4 42. gxf5 Be5 43. fxg6 hxg6 44. Rb3 Rc5 45. Rb4 Rd5 46. Kd2 Kh5
47. Kd3 g5 48. Nxd4 Kh4 49. c3 Kxh3 50. Ke4 Rc5 51. Rb3 g4 52. Ne6 Rc4+ 53.
Kxe5 g3 54. Nf4+ Kg4 55. Rb4 Rc5+ 56. Kd4 Rc8 57. Kd3 Ra8 58. Ng2+ Kh3 59. Nf4+
Kg4 60. Ne2+ Kh3 61. Rxb5 Rxa2 62. Rg5 g2 63. Nf4+ 1-0

[Event "21. Copenhagen Open  (Politiken Cup)"]
[Site "Copenhagen"]
[Date "1999.07.11"]
[Round "8"]
[White "Al Saad, Mofid"]
[Black "Karlsen, Arne"]
[Result "0-1"]
[WhiteElo "1323"]
[BlackElo "2022"]
[PlyCount "82"]
[EventDate "1999.07.03"]
[EventType "swiss"]
[EventRounds "11"]
[EventCountry "DEN"]
[SourceDate "2004.01.01"]

1. Nf3 d5 2. d4 Nf6 3. c4 c6 4. Nc3 dxc4 5. e3 e6 6. Bxc4 Nbd7 7. O-O Be7 8. h3
Qc7 9. Ng5 h6 10. Nf3 e5 11. Bd3 O-O 12. Qc2 a6 13. Ne2 Nd5 14. a3 exd4 15. e4
N5f6 16. b4 Bd6 17. Nfxd4 Ne5 18. f4 Nxd3 19. Qxd3 Be7 20. Ng3 c5 21. Ndf5 Bxf5
22. Nxf5 cxb4 23. Bb2 Rfd8 24. Qg3 Nh5 25. Qg4 g6 26. e5 bxa3 27. e6 axb2 28.
exf7+ Kxf7 29. Nxh6+ Kg7 30. Nf5+ Kh7 31. Rae1 Bf6 32. Nh4 Bxh4 33. Qxh4 Re8
34. f5 Rxe1 35. fxg6+ Kxg6 36. Rxe1 Qb6+ 37. Kh1 b1=Q 38. Qg4+ Kh6 39. Rxb1
Qxb1+ 40. Kh2 Qg6 41. Qc4 Rd8 0-1

[Event "21. Copenhagen Open  (Politiken Cup)"]
[Site "Copenhagen"]
[Date "1999.07.11"]
[Round "8"]
[White "Arngrimsson, Dagur"]
[Black "Fant, Goran"]
[Result "0-1"]
[WhiteElo "1725"]
[BlackElo "2066"]
[PlyCount "114"]
[EventDate "1999.07.03"]
[EventType "swiss"]
[EventRounds "11"]
[EventCountry "DEN"]
[SourceDate "2004.01.01"]

1. e4 e6 2. d4 d5 3. Nc3 Bb4 4. e5 b6 5. Qg4 g6 6. a3 Bxc3+ 7. bxc3 Ba6 8. Bxa6
Nxa6 9. Qe2 Nb8 10. a4 Nc6 11. Nf3 Na5 12. O-O Qd7 13. Nd2 Qc6 14. Qd3 a6 15.
Nb3 Nc4 16. a5 h6 17. f4 h5 18. Qg3 Ne7 19. h3 Nf5 20. Qd3 h4 21. Bd2 Ng3 22.
Rfe1 Ne4 23. Ra2 Ncxd2 24. Nxd2 Nxc3 25. Ra3 Nb5 26. Ra2 Nc3 27. Raa1 b5 28.
Nb3 Ne4 29. Nd2 Nxd2 30. Qxd2 Qc4 31. Re3 c5 32. dxc5 Qxc5 33. Kh1 Rc8 34. c3
Kd7 35. Rd3 Rc6 36. Rd1 Rhc8 37. Qa2 Ke8 38. Qb2 Qe7 39. Qb3 Rc4 40. Rf1 Qc7
41. Rff3 Qxa5 42. Qb2 Qb6 43. Qd2 a5 44. f5 gxf5 45. Qg5 Qc5 46. g4 hxg3 47.
Rxg3 Qe7 48. Qe3 R8c5 49. Qh6 Kd7 50. Rg8 Rc8 51. Rg7 Kc6 52. Qh5 Rc7 53. Qe2
Qh4 54. Re3 a4 55. Qb2 Qh6 56. Reg3 Qf4 57. Qa3 Qxe5 0-1

[Event "21. Copenhagen Open  (Politiken Cup)"]
[Site "Copenhagen"]
[Date "1999.07.11"]
[Round "8"]
[White "Auchenberg, Per"]
[Black "Kokholm, Daniel"]
[Result "0-1"]
[WhiteElo "2054"]
[BlackElo "1892"]
[PlyCount "100"]
[EventDate "1999.07.03"]
[EventType "swiss"]
[EventRounds "11"]
[EventCountry "DEN"]
[SourceDate "2004.01.01"]

1. b3 e5 2. Bb2 d6 3. g3 c6 4. Bg2 Nf6 5. c4 Nbd7 6. Nf3 Be7 7. O-O O-O 8. Nc3
a6 9. Qc2 Ne8 10. d4 f5 11. dxe5 dxe5 12. Rfd1 Qc7 13. Na4 e4 14. Nd4 Ndf6 15.
Bh3 g6 16. c5 Nd5 17. Qc4 Nef6 18. Nb6 Rb8 19. b4 Rf7 20. Nxc8 Qxc8 21. a4 Nd7
22. Nc2 Bf6 23. Bxf6 N7xf6 24. Rd4 Qe6 25. Rad1 Rd7 26. Qb3 Rbd8 27. Ne3 Nc7
28. Rxd7 Rxd7 29. Qxe6+ Nxe6 30. Rxd7 Nxd7 31. Nc4 Nd4 32. Bf1 Nc2 33. Na5 Nxb4
34. Nxb7 Ne5 35. e3 Nbd3 36. Be2 Kf8 37. h4 h6 38. Bd1 Ke7 39. h5 g5 40. Kf1
Nc4 41. g4 f4 42. exf4 Nxf4 43. Kg1 Kd7 44. Bb3 Kc7 45. Bxc4 Kxb7 46. a5 Nd5
47. Kg2 Ka7 48. f3 Ne3+ 49. Kf2 Nxc4 50. fxe4 Kb7 0-1

[Event "21. Copenhagen Open  (Politiken Cup)"]
[Site "Copenhagen"]
[Date "1999.07.11"]
[Round "8"]
[White "Bekker Jensen, Simon"]
[Black "El Kher, Henrik"]
[Result "1/2-1/2"]
[WhiteElo "2436"]
[BlackElo "2332"]
[PlyCount "55"]
[EventDate "1999.07.03"]
[EventType "swiss"]
[EventRounds "11"]
[EventCountry "DEN"]
[SourceDate "2004.01.01"]

1. d4 Nf6 2. c4 g6 3. g3 c6 4. Bg2 d5 5. Nd2 Bg7 6. Ngf3 O-O 7. O-O Bf5 8. b3
Ne4 9. Bb2 Qa5 10. a3 Nd7 11. b4 Qa6 12. c5 Nxd2 13. Qxd2 Be4 14. Bh3 e6 15.
Ne1 g5 16. Nc2 Qa4 17. Rfc1 h6 18. Bc3 b6 19. Ne1 bxc5 20. bxc5 Rfb8 21. e3 Qa6
22. f3 Bg6 23. Bf1 Qc8 24. Nd3 f6 25. f4 Bxd3 26. Bxd3 f5 27. Rab1 Nf6 28. Ba5
1/2-1/2

[Event "21. Copenhagen Open  (Politiken Cup)"]
[Site "Copenhagen"]
[Date "1999.07.11"]
[Round "8"]
[White "Berg, Olaf"]
[Black "Olsen, Peter Erik"]
[Result "0-1"]
[WhiteElo "1530"]
[BlackElo "2248"]
[PlyCount "64"]
[EventDate "1999.07.03"]
[EventType "swiss"]
[EventRounds "11"]
[EventCountry "DEN"]
[SourceDate "2004.01.01"]

1. e4 c6 2. d4 d5 3. Nc3 dxe4 4. Nxe4 Nf6 5. Nxf6+ exf6 6. Nf3 Bd6 7. Be2 O-O
8. O-O Re8 9. Be3 Nd7 10. c4 Nf8 11. Qd2 Ng6 12. Rfd1 Qc7 13. g3 Bg4 14. Kg2
Rad8 15. b4 f5 16. Ng1 Qe7 17. c5 Bb8 18. Bg5 f6 19. Bc4+ Kh8 20. Re1 Qd7 21.
Be3 f4 22. Bxf4 Bxf4 23. gxf4 Bh3+ 24. Kh1 Nh4 25. Rxe8+ Rxe8 26. Bf1 Qd5+ 27.
f3 Nxf3 28. Nxf3 Qxf3+ 29. Kg1 Qg4+ 30. Kh1 Bxf1 31. Qf2 Bc4 32. h4 Bd5+ 0-1